[Event "Warsaw YMCA Autumn-C 159th"]
[Site "Warsaw"]
[Date "2015.12.02"]
[Round "11"]
[White "Tegi, Robert"]
[Black "Kleyny, Maciej"]
[Result "1-0"]
[WhiteElo "1683"]
[BlackElo "1621"]
[PlyCount "61"]
[EventDate "2015.09.23"]
[EventType "tourn"]
[EventRounds "13"]
[EventCountry "POL"]
[SourceTitle "EXT 2019"]
[Source "ChessBase"]
[SourceDate "2018.10.10"]
[SourceVersion "1"]
[SourceVersionDate "2018.10.10"]
[SourceQuality "1"]

1. d4 Nf6 2. c4 e5 3. dxe5 Ng4 4. Nf3 Bc5 5. e3 Nc6 6. Be2 Ngxe5 7. 0-0 d6 8. Nc3 Be6 9. b3 h5 10. Nd4 Bd7 11. Nd5 Ng4 12. h3 Nce5 13. b4 Bb6 14. Bb2 Qh4 15. Nf3 Nxf3+ 16. Bxf3 0-0-0 17. a4 Be6 18. a5 Bxd5 19. Qxd5 c6 20. Qf5+ Kc7 21. axb6+ axb6 22. Bxg4 hxg4 23. Qxg4 Qe7 24. Rfd1 Rh6 25. b5 c5 26. Ra7 Rb8 27. Qf3 Kc8 28. Rd5 Rh4 29. Rf5 f6 30. Rf4 Rh8 31. Qd5 1-0

[Event "Warsaw YMCA Autumn-B 146th"]
[Site "Warsaw"]
[Date "2014.11.20"]
[Round "10"]
[White "Jachimiak, Wojciech"]
[Black "Tegi, Robert"]
[Result "1/2-1/2"]
[WhiteElo "1862"]
[BlackElo "1796"]
[PlyCount "54"]
[EventDate "2014.09.17"]
[EventType "tourn"]
[EventRounds "13"]
[EventCountry "POL"]
[SourceTitle "EXT 2019"]
[Source "ChessBase"]
[SourceDate "2018.10.10"]
[SourceVersion "1"]
[SourceVersionDate "2018.10.10"]
[SourceQuality "1"]

1. e4 c6 2. d4 d5 3. f3 e6 4. Ne2 Nf6 5. Ng3 Be7 6. Be3 Qb6 7. b3 a5 8. Bd3 0-0 9. 0-0 Na6 10. c3 c5 11. e5 Nd7 12. f4 g6 13. Nd2 cxd4 14. cxd4 Nb4 15. Bb1 Nb8 16. Qg4 N8c6 17. Nf3 a4 18. bxa4 Rxa4 19. f5 exf5 20. Nxf5 Be6 21. Bh6 Bxf5 22. Bxf5 Nxd4 23. Nxd4 Nc6 24. Kh1 Rxd4 25. Qg3 Bh4 26. Qa3 Be7 27. Qg3 Bh4 1/2-1/2

[Event "Warsaw YMCA Autumn-B 146th"]
[Site "Warsaw"]
[Date "2014.10.23"]
[Round "6"]
[White "Moskwinski, Marek"]
[Black "Tegi, Robert"]
[Result "1/2-1/2"]
[WhiteElo "1822"]
[BlackElo "1796"]
[PlyCount "73"]
[EventDate "2014.09.17"]
[EventType "tourn"]
[EventRounds "13"]
[EventCountry "POL"]
[SourceTitle "EXT 2019"]
[Source "ChessBase"]
[SourceDate "2018.10.10"]
[SourceVersion "1"]
[SourceVersionDate "2018.10.10"]
[SourceQuality "1"]

1. e4 c6 2. d4 d5 3. e5 Bf5 4. Nc3 e6 5. g4 Bg6 6. Nge2 c5 7. h4 h6 8. h5 Bh7 9. f4 Nc6 10. Be3 cxd4 11. Nxd4 Bb4 12. Bd3 Bxd3 13. Qxd3 Nge7 14. Ke2 Nxd4+ 15. Bxd4 Nc6 16. a3 Nxd4+ 17. Qxd4 Bxc3 18. bxc3 Qc7 19. Qa4+ Qd7 20. Qb4 Rc8 21. Rab1 b6 22. Rhd1 Rc5 23. Rd4 Qc6 24. Kd2 Kd7 25. Qa4 Qxa4 26. Rxa4 Rc7 27. Rf1 Rhc8 28. Rf3 a5 29. Rd4 Rc4 30. f5 Ke7 31. f6+ gxf6 32. Rxf6 Rxc3 33. Rdf4 Rxc2+ 34. Kd1 Rc1+ 35. Kd2 R1c2+ 36. Kd1 Rc1+ 37. Kd2 1/2-1/2

[Event "Warsaw YMCA Autumn-B 146th"]
[Site "Warsaw"]
[Date "2014.09.30"]
[Round "3"]
[White "Sanz Wawer, Daniel"]
[Black "Tegi, Robert"]
[Result "1-0"]
[WhiteElo "1928"]
[BlackElo "1796"]
[PlyCount "113"]
[EventDate "2014.09.17"]
[EventType "tourn"]
[EventRounds "13"]
[EventCountry "POL"]
[SourceTitle "EXT 2019"]
[Source "ChessBase"]
[SourceDate "2018.10.10"]
[SourceVersion "1"]
[SourceVersionDate "2018.10.10"]
[SourceQuality "1"]

1. e4 c6 2. d4 d5 3. exd5 cxd5 4. Bd3 Nc6 5. c3 Qc7 6. Ne2 Bg4 7. f3 Bd7 8. Bf4 e5 9. dxe5 Nxe5 10. 0-0 Bd6 11. Nd4 Ne7 12. Qe2 0-0 13. Na3 a6 14. Rae1 N7g6 15. Bg3 Rae8 16. Bxg6 Nxg6 17. Bxd6 Qxd6 18. Qd2 Ne5 19. Nac2 Nc4 20. Qc1 Qg6 21. b3 Bh3 22. Rf2 Ne5 23. Qd2 Nd3 24. Rxe8 Rxe8 25. Re2 Be6 26. Ne3 Nf4 27. Re1 Nh3+ 28. Kh1 Ng5 29. Nxd5 h6 30. Nc7 Rd8 31. Qe3 Bd5 32. Nxd5 Rxd5 33. f4 Nh7 34. Qe8+ Nf8 35. Qe4 Qxe4 36. Rxe4 Ne6 37. g3 Nxd4 38. Rxd4 Rc5 39. c4 b5 40. Rd5 Rc6 41. c5 b4 42. Kg2 Kf8 43. Kf3 Ke7 44. Ke4 a5 45. Kd4 a4 46. Kc4 axb3 47. axb3 Ke6 48. Re5+ Kd7 49. Kxb4 f6 50. Rd5+ Kc7 51. Rd6 Rxd6 52. cxd6+ Kxd6 53. Kc4 f5 54. h4 g6 55. b4 Kc6 56. Kd4 Kd6 57. b5 1-0

[Event "Warsaw YMCA Spring-C 140th"]
[Site "Warsaw"]
[Date "2014.04.30"]
[Round "4"]
[White "Tegi, Robert"]
[Black "Wrabel, Antoni"]
[Result "1-0"]
[WhiteElo "1730"]
[BlackElo "1695"]
[PlyCount "91"]
[EventDate "2014.04.08"]
[EventType "tourn"]
[EventRounds "11"]
[EventCountry "POL"]
[SourceTitle "EXT 2015"]
[Source "ChessBase"]
[SourceDate "2014.11.20"]
[SourceVersion "1"]
[SourceVersionDate "2014.11.20"]
[SourceQuality "1"]

1. d4 Nf6 2. c4 e6 3. Nf3 d5 4. Nc3 Be7 5. Bg5 h6 6. Bh4 0-0 7. e3 Nbd7 8. Rc1 c5 9. cxd5 exd5 10. Bd3 Qa5 11. 0-0 c4 12. Bb1 b5 13. Ne5 Qb6 14. Nxd7 Bxd7 15. Bxf6 Bxf6 16. Nxd5 Qd6 17. Nxf6+ Qxf6 18. b3 Be6 19. d5 Rfd8 20. e4 cxb3 21. Qxb3 Bd7 22. Rc7 a5 23. Rfc1 Qg5 24. Bd3 b4 25. Bf1 Qe5 26. Qe3 a4 27. f4 Qd6 28. Rb7 Rdb8 29. Rxb8+ Rxb8 30. Bc4 Bb5 31. e5 Qd8 32. Bxb5 Rxb5 33. d6 b3 34. axb3 axb3 35. Rb1 b2 36. Qd4 Qa5 37. g3 Qa2 38. Qe4 Rc5 39. Kg2 Rd5 40. Kh3 g6 41. Rxb2 Qa5 42. e6 Rh5+ 43. Kg2 Qc3 44. exf7+ Kh7 45. f8N+ Kg8 46. Qxg6+ 1-0

[Event "IECC CL3-2002.05"]
[Site "IECC email"]
[Date "2002.02.02"]
[Round "?"]
[White "Allen, Richard G"]
[Black "Tegi, Robert"]
[Result "1-0"]
[WhiteElo "1843"]
[BlackElo "1862"]
[PlyCount "59"]
[EventDate "2002.??.??"]
[EventType "tourn (corr)"]
[EventRounds "4"]
[SourceTitle "Corr 2008"]
[Source "ChessBase"]
[SourceDate "2008.06.24"]
[SourceVersion "1"]
[SourceVersionDate "2008.06.24"]
[SourceQuality "1"]

1. d4 Nf6 2. Nf3 g6 3. g3 Bg7 4. Bg2 0-0 5. 0-0 d6 6. c4 c6 7. Nc3 Nbd7 8. Bg5 Qb6 9. Qc2 h6 10. Bf4 Re8 11. b3 Qc7 12. Rad1 g5 13. Bc1 e5 14. dxe5 dxe5 15. Ba3 e4 16. Bd6 Qb6 17. Na4 Qa6 18. Nd4 e3 19. Nf5 exf2+ 20. Rxf2 Qa5 21. e3 Re6 22. b4 Qd8 23. Nc5 Nxc5 24. Bxc5 Qe8 25. Nxg7 Kxg7 26. Rdf1 Ng4 27. Rxf7+ Qxf7 28. Rxf7+ Kxf7 29. Qh7+ Ke8 30. Bh3 1-0

[Event "IECC CL3-2001.38"]
[Site "IECC email"]
[Date "2001.11.18"]
[Round "?"]
[White "Tegi, Robert"]
[Black "Perez, Maria Jose"]
[Result "1-0"]
[WhiteElo "1871"]
[BlackElo "1956"]
[PlyCount "73"]
[EventDate "2001.??.??"]
[EventType "tourn (corr)"]
[EventRounds "4"]
[SourceTitle "Corr 2008"]
[Source "ChessBase"]
[SourceDate "2008.06.24"]
[SourceVersion "1"]
[SourceVersionDate "2008.06.24"]
[SourceQuality "1"]

1. d4 Nf6 2. c4 c5 3. d5 b5 4. cxb5 a6 5. Nc3 axb5 6. Nxb5 Ba6 7. Nc3 d6 8. e4 Bxf1 9. Kxf1 g6 10. g3 Bg7 11. Kg2 0-0 12. Nge2 Nbd7 13. Qc2 e6 14. Bg5 h6 15. Bxf6 Qxf6 16. Nf4 Ne5 17. Qe2 Rfb8 18. Rab1 Rb6 19. Rhd1 Rab8 20. a4 Ra8 21. dxe6 fxe6 22. b3 Qe7 23. Nb5 Kh7 24. h4 Ra5 25. Qd2 Raa6 26. Ne2 Bf6 27. f4 Nf7 28. Qc2 Qb7 29. Kh2 Ra8 30. Qc4 Re8 31. Rd2 Bh8 32. Rbd1 Qe7 33. a5 d5 34. Qd3 dxe4 35. Qc4 Rb7 36. a6 e3 37. Rd3 1-0

[Event "IECC CL2-2001.30"]
[Site "IECC email"]
[Date "2001.09.06"]
[Round "?"]
[White "Tegi, Robert"]
[Black "Agulnick, Michael"]
[Result "1/2-1/2"]
[WhiteElo "1990"]
[BlackElo "2012"]
[PlyCount "54"]
[EventDate "2001.??.??"]
[EventType "tourn (corr)"]
[EventRounds "4"]
[SourceTitle "Corr 2008"]
[Source "ChessBase"]
[SourceDate "2008.06.24"]
[SourceVersion "1"]
[SourceVersionDate "2008.06.24"]
[SourceQuality "1"]

1. d4 c5 2. d5 e6 3. c4 d6 4. Nc3 Nf6 5. Nf3 Be7 6. e4 0-0 7. Bd3 exd5 8. exd5 Bg4 9. 0-0 Nbd7 10. Bf4 Nh5 11. Bg3 Nxg3 12. hxg3 Ne5 13. Be2 Bxf3 14. gxf3 Bf6 15. f4 Ng6 16. Qc2 Re8 17. Rfe1 Qe7 18. Qd2 Qd7 19. Bf3 a6 20. a4 Rxe1+ 21. Qxe1 Re8 22. Qd2 b6 23. a5 b5 24. cxb5 Bxc3 25. bxc3 Qxb5 26. Qc2 Qc4 27. Kg2 Rb8 1/2-1/2

[Event "IECC CL2-2001.30"]
[Site "IECC email"]
[Date "2001.09.06"]
[Round "?"]
[White "Tegi, Robert"]
[Black "Lindam, Ingo"]
[Result "0-1"]
[WhiteElo "1875"]
[BlackElo "2059"]
[PlyCount "76"]
[EventDate "2001.??.??"]
[EventType "tourn (corr)"]
[EventRounds "4"]
[SourceTitle "Corr 2008"]
[Source "ChessBase"]
[SourceDate "2008.06.24"]
[SourceVersion "1"]
[SourceVersionDate "2008.06.24"]
[SourceQuality "1"]

1. d4 Nf6 2. c4 e6 3. Nc3 Bb4 4. Nf3 b6 5. Bg5 Bb7 6. e3 h6 7. Bh4 Bxc3+ 8. bxc3 d6 9. Bd3 Nbd7 10. 0-0 Qe7 11. Qe2 g5 12. Bg3 Ne4 13. Bxe4 Bxe4 14. Nd2 Bb7 15. e4 e5 16. a4 h5 17. f3 a5 18. h3 0-0-0 19. Rfb1 g4 20. fxg4 hxg4 21. hxg4 Rh6 22. d5 Rdh8 23. Nf1 Nc5 24. Kf2 Qg5 25. Rb5 Rh1 26. Rxc5 bxc5 27. Re1 Qg6 28. Ke3 Kd8 29. Kd3 Bc8 30. Ne3 Bd7 31. Qd1 Rxe1 32. Bxe1 Rh1 33. g3 Qh6 34. Qb1 Kc8 35. Qd1 Qh2 36. g5 Qa2 37. Nf5 Bxa4 38. Qd2 Qb1+ 0-1

[Event "IECC KO email"]
[Site "IECC email"]
[Date "2001.07.31"]
[Round "?"]
[White "Berkley, Stephen W"]
[Black "Tegi, Robert"]
[Result "1/2-1/2"]
[WhiteElo "1708"]
[BlackElo "1851"]
[PlyCount "91"]
[EventDate "2001.??.??"]
[EventType "tourn (corr)"]
[EventRounds "6"]
[SourceTitle "Corr 2008"]
[Source "ChessBase"]
[SourceDate "2008.06.24"]
[SourceVersion "1"]
[SourceVersionDate "2008.06.24"]
[SourceQuality "1"]

1. e4 d6 2. d4 Nf6 3. Bd3 g6 4. c3 Bg7 5. Nf3 0-0 6. 0-0 Bg4 7. Nbd2 c5 8. h3 Bxf3 9. Nxf3 cxd4 10. cxd4 Nc6 11. Be3 Nd7 12. Rc1 Rc8 13. a3 a6 14. b4 b5 15. Qd2 e5 16. d5 Nd4 17. Nxd4 exd4 18. Rxc8 Qxc8 19. Bf4 Ne5 20. Rc1 Qb7 21. Qc2 Nxd3 22. Qxd3 Be5 23. Bh6 Rc8 24. Rxc8+ Qxc8 25. Kf1 Qc4 26. Ke2 Qa2+ 27. Bd2 Qc4 28. f4 Bf6 29. g3 h5 30. a4 Kf8 31. axb5 axb5 32. Be1 Ke7 33. Bd2 Kd7 34. Be1 Kc7 35. Bd2 Kb6 36. Be1 Qc1 37. Bd2 Qh1 38. h4 Qg2+ 39. Kd1 Qg1+ 40. Be1 Bg7 41. Qc2 Qe3 42. Qc6+ Ka7 43. Qc7+ Ka8 44. Qa5+ Kb7 45. Qxb5+ Ka7 46. Qd7+ 1/2-1/2

[Event "IECC KO email"]
[Site "IECC email"]
[Date "2001.07.31"]
[Round "?"]
[White "Tegi, Robert"]
[Black "Berkley, Stephen W"]
[Result "1-0"]
[WhiteElo "1842"]
[BlackElo "1733"]
[PlyCount "49"]
[EventDate "2001.??.??"]
[EventType "tourn (corr)"]
[EventRounds "6"]
[SourceTitle "Corr 2008"]
[Source "ChessBase"]
[SourceDate "2008.06.24"]
[SourceVersion "1"]
[SourceVersionDate "2008.06.24"]
[SourceQuality "1"]

1. d4 Nf6 2. c4 e6 3. Nc3 c5 4. d5 exd5 5. cxd5 d6 6. e4 g6 7. Bg5 Bg7 8. Nf3 h6 9. Bh4 a6 10. Nd2 0-0 11. a4 Re8 12. Bd3 Nbd7 13. 0-0 Ne5 14. Bc2 Qb6 15. a5 Qxb2 16. Na4 Qd4 17. Nb6 Bg4 18. Qc1 Rab8 19. Ra4 Nd3 20. Bxd3 Qxd3 21. f3 Bd7 22. Ra3 Qd4+ 23. Bf2 Qe5 24. Ndc4 Qe7 25. Bg3 1-0

[Event "IECC CL2-2001.25"]
[Site "IECC email"]
[Date "2001.06.30"]
[Round "?"]
[White "Tegi, Robert"]
[Black "Kulczycki, Michael"]
[Result "0-1"]
[WhiteElo "1993"]
[BlackElo "2065"]
[PlyCount "102"]
[EventDate "2001.??.??"]
[EventType "tourn (corr)"]
[EventRounds "4"]
[SourceTitle "Corr 2008"]
[Source "ChessBase"]
[SourceDate "2008.06.24"]
[SourceVersion "1"]
[SourceVersionDate "2008.06.24"]
[SourceQuality "1"]

1. d4 Nf6 2. c4 g6 3. Nc3 Bg7 4. e4 d6 5. Nf3 0-0 6. Be2 e5 7. 0-0 Nc6 8. d5 Ne7 9. Ne1 Nd7 10. Be3 f5 11. f3 f4 12. Bf2 g5 13. Nd3 Nf6 14. c5 Ng6 15. Rc1 Rf7 16. cxd6 cxd6 17. Nb5 a6 18. Na3 b5 19. Nb4 Qd7 20. Rc3 g4 21. Qc2 gxf3 22. gxf3 Qh3 23. Rc1 Bd7 24. Bf1 Qh5 25. Nd3 Qxf3 26. Nxe5 Nxe5 27. Rxf3 Nxf3+ 28. Kg2 Ng5 29. Bd3 f3+ 30. Kh1 Rc8 31. Qxc8+ Bxc8 32. Rxc8+ Rf8 33. Rxf8+ Kxf8 34. Nc2 Kf7 35. Bd4 Ngxe4 36. Kg1 h5 37. a4 bxa4 38. Bxa6 Ng4 39. h3 Bxd4+ 40. Nxd4 Ngf2 41. Nxf3 Nd1 42. Bd3 Nf6 43. Nd4 Nxb2 44. Bb1 Nxd5 45. Ba2 Kf6 46. Nb5 Nb4 47. Bb1 Nc4 48. Kf2 a3 49. Nc3 d5 50. Kg3 Nd2 51. Bh7 d4 0-1

[Event "IECC CL2-2001.17"]
[Site "IECC email"]
[Date "2001.05.11"]
[Round "?"]
[White "Tegi, Robert"]
[Black "Vaassen, Jack M"]
[Result "0-1"]
[WhiteElo "2045"]
[BlackElo "2123"]
[PlyCount "46"]
[EventDate "2001.??.??"]
[EventType "tourn (corr)"]
[EventRounds "4"]
[SourceTitle "Corr 2008"]
[Source "ChessBase"]
[SourceDate "2008.06.24"]
[SourceVersion "1"]
[SourceVersionDate "2008.06.24"]
[SourceQuality "1"]

1. d4 Nf6 2. c4 e6 3. Nc3 Bb4 4. Nf3 c5 5. e3 Nc6 6. Bd2 cxd4 7. exd4 0-0 8. Bd3 d5 9. a3 dxc4 10. Bxc4 Be7 11. Be3 b6 12. 0-0 Bb7 13. Rc1 Rc8 14. Bd3 Nd5 15. Nxd5 Qxd5 16. Qa4 Bf6 17. Rfd1 h6 18. Ba6 Ne7 19. Bxb7 Qxb7 20. Ne5 Nd5 21. Rxc8 Rxc8 22. Bd2 Qc7 23. Rc1 Qxc1+ 0-1

[Event "IECC CL2-2000.38"]
[Site "IECC email"]
[Date "2000.10.30"]
[Round "?"]
[White "Tegi, Robert"]
[Black "Le Duigou, Jean Guy"]
[Result "0-1"]
[WhiteElo "2044"]
[BlackElo "2087"]
[PlyCount "74"]
[EventDate "2000.??.??"]
[EventType "tourn (corr)"]
[EventRounds "4"]
[SourceTitle "Corr 2008"]
[Source "ChessBase"]
[SourceDate "2008.06.24"]
[SourceVersion "1"]
[SourceVersionDate "2008.06.24"]
[SourceQuality "1"]

1. d4 Nf6 2. c4 e6 3. Nc3 Bb4 4. Nf3 c5 5. e3 0-0 6. Bd3 d5 7. 0-0 dxc4 8. Bxc4 cxd4 9. exd4 b6 10. Bg5 Bb7 11. a3 Bxc3 12. bxc3 Qc7 13. Qe2 Nbd7 14. Rac1 Ng4 15. g3 Bxf3 16. Qxf3 Nxh2 17. Kxh2 Qxc4 18. Rh1 Rfc8 19. Kg1 Nf8 20. Be7 Ng6 21. Bb4 a5 22. Bd6 Qc6 23. Qxc6 Rxc6 24. Be5 Nxe5 25. dxe5 Rac8 26. Kg2 Rxc3 27. Rxc3 Rxc3 28. a4 Rc4 29. Rh4 Rxh4 30. gxh4 Kf8 31. Kf3 Ke7 32. Ke4 Kd7 33. Kd4 Kc6 34. Kc4 b5+ 35. axb5+ Kb6 36. h5 h6 37. f3 g6 0-1